00833nam a2200241Ia 4500003000400000005001700004008004100021020001800062040000700080041001200087082001900099100003100118245007300149260004000222300001600262365001300278650001600291650003400307906007200341942001200413999001900425952014700444OSt20251027184647.0210423s2008 xx 000 0 und d a81-316-0169-2 cAL aEnglish a352.009 bCHHP aHariprasad Chhetri9122027 aPanchayati raj system and development planningb: the case of Sikkim aNew DelhibRawat Publicationsc2008 axiv,302bPB b725cINR aLaw9122028 aPublic Administration9122029 acase ; development ; Panchayati ; planning: ; raj ; Sikkim ; system 2ddccBK c176279d176279 001040708MSWaSACPGbSACPGd2013-12-27eKnowledge Worldg725.00l1o352.009 CHHPpPG022983r2023-02-14 00:00:00s2023-02-06w2021-04-26yBK